Hermann Buchal
| Titel: | Hermann Buchal / Waldemar Zylla |
|---|---|
| Verfasser: | |
| In: |
Ostdeutsche Gedenktage, (2009), Seite 44-48 alle Artikel anzeigen |
| Veröffentlicht: | 2010 |
| Format: | Aufsatz |
| Sprache: | Deutsch |
X
alg: 42525193 001A $03025:26-01-18 001B $03025:18-05-21 $t08:24:20.000 001C $03025:26-01-18 $t13:41:21.000 001D $03025:26-01-18 001U $0utf8 001X $00 002@ $0Aou 002C $aText $btxt $2rdacontent 002D $aohne Hilfsmittel zu benutzen $bn $2rdamedia 002E $aBand $bnc $2rdacarrier 003@ $0425251934 007A $0425251934 $aHEB 010@ $ager 010E $erda 011@ $a2010 021A $aHermann Buchal $hWaldemar Zylla 028A $BVerfasser $4aut $8Zylla, Waldemar$Z1931-2011 [Tp1] $9479310580 031A $h44-48 $j2009 039B $aEnthalten in $8--Abvc--. Ostdeutsche Gedenktage. - Bonn : Kulturstiftung der Vertriebenen, 1965-[2018] $x200900000000000956 $9047761881 044K $7134590333 $8Buchal, Hermann$Z1884-1961 [Tp1] $9200576380 045T $a8,1 lok: 42525193 78 exp: 42525193 78 1 #EPN 201B/01 $031-01-18 $t11:46:57.000 201C/01 $026-01-18 201U/01 $0utf8 203@/01 $01016451075 208@/01 $a26-01-18 $be 209A/01 $a/ $f000 $x00 209A/01 $ab*p $x01 220C/01 $awma 244Z/01 $#Composers $#Compositeurs $#Compositori $#Komponist $#Tonsetzer $74032009-1 $8--Ts1--Komponist $x01 $9085085197 244Z/01 $#Schlesien $#Schlesien $#Herzogtum Schlesien $#Herzogtum Schlesien Schlesien $#Provinz Schlesien $#Śla̜sk $#Slezsko $#Silesia $74052678-1 $8--Tg1--Schlesien $x02 $9085146781 244Z/01 $#Pianists $#Pianistes $#Pianisti $#Pianistas $#Klavierspieler $#Konzertpianist $#Klavier Instrumentalmusiker $74131406-2 $8--Ts1--Pianist $x03 $9085468525 244Z/01 $#Music teachers $#Professeurs de musique $#Maestri di musica $#Konservatoriumslehrer $#Musikerzieher $#Musikpädagoge $#Musikerziehung Lehrer $74140880-9 $8--Ts1--Musiklehrer $x04 $9085542245 244Z/01 $#Musicians $#Musiciens $#Musicisti $#Músicos $#Musiker $#Musikschaffender $74040841-3 $8--Ts1--Musiker $x05 $9085111732 247C/01 $82080>Marburg/Lahn, Herder-Institut, Forschungsbibliothek, Bibliographieportal $9336309341
| LEADER | 00000caa a2200000 c 4500 | ||
|---|---|---|---|
| 001 | 425251934 | ||
| 003 | DE-603 | ||
| 005 | 20210518082420.0 | ||
| 007 | tu | ||
| 008 | 180126s2010 xx |||| | u00||u|ger c | ||
| 035 | |a (DE-599)HEB425251934 | ||
| 040 | |a DE-603 |b ger |c DE-603 |d DE-603 |e rda | ||
| 041 | |a ger | ||
| 084 | |a 8,1 |2 ssgn | ||
| 100 | 1 | |a Zylla, Waldemar |d 1931-2011 |e Verfasser |4 aut |0 (DE-603)479310580 |0 (DE-588)1233688960 |2 gnd | |
| 245 | 0 | 0 | |a Hermann Buchal |c Waldemar Zylla |
| 264 | 0 | |c 2010 | |
| 336 | |a Text |b txt |2 rdacontent | ||
| 337 | |a ohne Hilfsmittel zu benutzen |b n |2 rdamedia | ||
| 338 | |a Band |b nc |2 rdacarrier | ||
| 600 | 1 | 7 | |a Buchal, Hermann |d 1884-1961 |0 (DE-588)134590333 |0 (DE-603)200576380 |2 gnd |
| 773 | 0 | 8 | |i Enthalten in |t Ostdeutsche Gedenktage |d Bonn : Kulturstiftung der Vertriebenen, 1965-[2018] |g (2009), Seite 44-48 |w (DE-603)047761881 |w (DE-600)521278-9 |
| 924 | 0 | |9 2080 |a (DE-603)1016451075 |b DE-2080 |c HES |d d |g / | |


